UM Logo

Subgroups within a heterogeneous population : (Record no. 23877)

MARC details
000 -LEADER
fixed length control field 01145nam a22002657a 4500
003 - CONTROL NUMBER IDENTIFIER
control field OSt
005 - DATE AND TIME OF LATEST TRANSACTION
control field 20260323192344.0
008 - FIXED-LENGTH DATA ELEMENTS--GENERAL INFORMATION
fixed length control field 250925b |||||||| |||| 00| 0 eng d
040 ## - CATALOGING SOURCE
Transcribing agency 0
082 ## - DEWEY DECIMAL CLASSIFICATION NUMBER
Classification number Dper 370.15 J826 January-April 2024 v. 116 n. 1-3
100 ## - MAIN ENTRY--PERSONAL NAME
Personal name Lopez, Lisa M.
9 (RLIN) 68128
245 ## - TITLE STATEMENT
Title Subgroups within a heterogeneous population :
Remainder of title considering contextual factors that influence the formation pf dual language learner profiles in head start /
Statement of responsibility, etc. Lisa M. Lopez and 4 others.
260 ## - PUBLICATION, DISTRIBUTION, ETC. (IMPRINT)
Place of publication, distribution, etc. Washington, DC ;
Name of publisher, distributor, etc. American Psychological Association ,
Date of publication, distribution, etc. January 2024.
300 ## - PHYSICAL DESCRIPTION
Extent Volume 116, pages 123-138 :
Other physical details illustration ;
Dimensions 28 cm.
500 ## - GENERAL NOTE
General note Journal of Educational Psychology, vol. 116, no. 1-3, pages 123-138, January-April 2024.
650 #0 - SUBJECT ADDED ENTRY--TOPICAL TERM
Topical term or geographic name as entry element Bilingual students.
9 (RLIN) 64987
650 #0 - SUBJECT ADDED ENTRY--TOPICAL TERM
Topical term or geographic name as entry element Early childhood education.
9 (RLIN) 3115
650 #0 - SUBJECT ADDED ENTRY--TOPICAL TERM
Topical term or geographic name as entry element Educational attainment.
9 (RLIN) 68464
700 ## - ADDED ENTRY--PERSONAL NAME
Personal name Lopez, Lisa M.
9 (RLIN) 68128
710 ## - ADDED ENTRY--CORPORATE NAME
Corporate name or jurisdiction name as entry element Foster, Matthew E.
Relator term author.
9 (RLIN) 68129
711 ## - ADDED ENTRY--MEETING NAME
Meeting name or jurisdiction name as entry element Sutter, Shaunacy.
Relator term author.
9 (RLIN) 68130
711 ## - ADDED ENTRY--MEETING NAME
Meeting name or jurisdiction name as entry element Nylund-Gibson, Karen.
Relator term author.
9 (RLIN) 68131
711 ## - ADDED ENTRY--MEETING NAME
Meeting name or jurisdiction name as entry element Arch, Dina A.N
Relator term author.
9 (RLIN) 68132
942 ## - ADDED ENTRY ELEMENTS (KOHA)
Source of classification or shelving scheme Dewey Decimal Classification
Koha item type Periodicals
Holdings
Withdrawn status Lost status Source of classification or shelving scheme Damaged status Not for loan Collection code Home library Current library Date acquired Total Checkouts Full call number Date last seen Price effective from Koha item type Public note
    Dewey Decimal Classification     Periodicals UM Digos College - LIC UM Digos College - LIC 09/25/2025   Dper 370.15 J826 January-April 2024 v. 116 n. 1-3 09/25/2025 09/25/2025 Periodicals Periodical Article